Strange Safety Warnings Quiz Stats

 Plays Quiz Updated Mar 21, 2016

Challenge
Share
Tweet
Score 0/18 Timer 07:00
8 Plays Today
% Correct
End
99.1%
Eggs
91.5%
Swim
87.6%
Years
87.3%
Hat
87.1%
Allergy
86.2%
3
85.9%
Drill
85.5%
Iron
84.9%
% Correct
Eat
84.2%
Swallow
83.2%
Wrestling
81.5%
Swallow
79.9%
Moves
79.1%
Sleeping
69.2%
Goggles
58.9%
Child
57.8%
Alcohol
55.7%

You're not logged in!

Compare scores with friends on all Sporcle quizzes.
OR
Log In

You Might Also Like...

Show Comments

Extras

Top Quizzes Today


Score Distribution

Your Account Isn't Verified!

In order to create a playlist on Sporcle, you need to verify the email address you used during registration. Go to your Sporcle Settings to finish the process.

Report this User

Report this user for behavior that violates our Community Guidelines.

Details: